LEADER 01001naa a2200205 u 4500 001 000000097793 003 CaOOAMICUS 005 20070226130152.0 008 050506s1979 it u000 u ita u 035 $a11045207 040 $aIAR$bita 100 1 $aBocca, Emilio.$0(OLS)http://pul/name/3776 245 13$aLa formazione del pensiero di Benedetto Croce e la filosofia di Hegel (1892-1900) /$cEmilio Bocca. 260 $aPisa :$bScuola Normale,$c1979. 300 $aS. 1343-1364 ;$c25 cm 730 0 $aAnnali della Scuola normale superiore di Pisa, Classe di lettere e filosofia$g[Spogli].$0(OLS)http://pul/title/24292 773 0 $tAnnali della Scuola Normale Superiore di Pisa$gSerie III, vol. IX,3 (1979). 773 0 $tAnnali della Scuola normale superiore di Pisa, Classe di lettere e filosofia$w()16982 996 $6245$aLa formazione del pensiero di Benedetto Croce e la filosofia di Hegel (1892-1900)$9(OLS)http://pul/title/124677 996 $6260$aPisa :$bScuola Normale$9(OLS)http://pul/publisher/79182 LEADER 01380nam a2200289 u 4500 001 000000007396 003 CaOOAMICUS 005 20070226104959.0 008 941110s1969 it u000 u ita u 035 $a10193470 040 $aPUL(R)$bita 100 1 $aGrolla, Valentino.$0(OLS)http://pul/name/7491 245 12$aL'azione cattolica dopo il Concilio Vaticano secondo /$cValentino Grolla. 260 $aRoma :$bPontificia Università Lateranense,$c1969. 300 $a201 p. ;$c24 cm 490 1 $aPontificia Università Lateranense. Theses ad lauream in S. Theologia. 502 $aThesis (Doct.) -- Pontificia Università Lateranense. 504 $aBibliografia in nota. 610 24$aAzione cattolica.$0(OLS)http://pul/subject/6573 611 24$aConcilium Vaticanum$n(2 :$d1962-1965).$0(OLS)http://pul/subject/71 830 0$aTheses ad lauream in s. theologia (Pontificia Università Lateranense).$0(OLS)http://pul/title/1741 850 $aPUL 852 $aPUL$W1$xDP1 Tesi Pon Univ. Lateranense$y41$mTH PUL.THEOL 154$j10453$nBK-PRI$b $qTesi$B10453$CPULBib$Z2$F10453 $HPUL33479 $81 941 1 $a16 960 $aConcilio Vaticano II (1962-1965)$971 996 $6245$aL'azione cattolica dopo il Concilio Vaticano secondo$9(OLS)http://pul/title/10856 996 $6260$aRoma :$bPontificia Università Lateranense$9(OLS)http://pul/publisher/47963 LEADER 00928nam a2200229 u 4500 001 000000087682 003 CaOOAMICUS 005 20070226124431.0 008 051018s1952 it u000 u ita u 035 $a11064456 040 $aPUL(R)$bita 100 1 $aPiccioli, Giuliano,$cO.F.M.$0(OLS)http://pul/name/7362 245 10$aManuale di teologia pedagogica /$cGiuliano Piccioli. 260 $aRovigo :$bIstituto Padano di Arti grafiche,$c1952. 300 $a298 p. ;$c18 cm 500 $aComprende indice. 650 4$aTeologia$xManuali, compendi.$0(OLS)http://pul/subject/19822 850 $aPUL 852 $aPUL$W1$xDP1 Fondo Pastorale$y55$mP2 F 10$j111128$nBK-PRI$b $qFondi$B111128$CPULBib$Z2$F111128 $HPUL2910 $81 941 1 $a1 996 $6245$aManuale di teologia pedagogica$9(OLS)http://pul/title/113428 996 $6260$aRovigo :$bIstituto Padano di Arti grafiche$9(OLS)http://pul/publisher/77725